Normal view
MARC view
- الاغذية - مؤتمرات - الاغذية - جوانب اقتصادية - البلاد العربية - الامن الغذائي - البلاد العربية - البلاد الاسلامية - جوانب اقتصادية
Entry Topical Term
001 - CONTROL NUMBER
- control field: 40995
003 - CONTROL NUMBER IDENTIFIER
- control field: JO-AjAnu
005 - DATE AND TIME OF LATEST TRANSACTION
- control field: 20230606080817.0
008 - FIXED-LENGTH DATA ELEMENTS
- fixed length control field: 230606|| aca||aabn | a|a d
040 ## - CATALOGING SOURCE
- Original cataloging agency: JO-AjAnu
- Transcribing agency: JO-AjAnu
150 ## - HEADING--TOPICAL TERM
- Topical term or geographic name entry element: الاغذية - مؤتمرات - الاغذية - جوانب اقتصادية - البلاد العربية - الامن الغذائي - البلاد العربية - البلاد الاسلامية - جوانب اقتصادية
670 ## - SOURCE DATA FOUND
- Source citation: Work cat.: (JO-AjAnu)21009: ندوة الأمن الغذائي في العالم الاسلامي ( عمان: 1987)؛ تحرير صبحي القاسم, author 40994, الامن الغذائي في العالم الاسلامي: وقائع ندوة الأمن الغذائي في العالم الاسلامي التي نظمتها الاكاديمية الاسلامية للعلوم